000 00251nam a2200097Ia 4500
001 1209750
005 20250827022912.0
008 250824s9999 xx 000 0 und d
245 0 _aGAZAP ÜZÜMLERİ
_cJOHN STEİNBECK
260 _bİLETİŞİM YAYINLARI
999 _c1209750
_d1209750